| 000 | 00676cab a2200241 4500 | ||
|---|---|---|---|
| 001 | ABS60300 | ||
| 008 | 090401t1999 xxu||||| |||| 00| 0 eng d | ||
| 035 | _a(Sirsi) u92324 | ||
| 041 | _aeng | ||
| 100 | _aMeerloo, E. | ||
| 245 | _aSense of protection | ||
| 260 | _c1999 | ||
| 350 | _a0 | ||
| 490 |
_aEstates Gazette _v(9911) 20 March 1999, 158-159(2) |
||
| 650 | _aBLIGHT | ||
| 650 | _aCENTRAL RAILWAY | ||
| 650 | _aCOMPENSATION | ||
| 650 |
_aCompulsory purchase _96228 |
||
| 650 | _aPROPERTY PROTECTION SCHEME | ||
| 690 | _aENVIRONMENTAL AND LAND CONSULTANCY-PLANNING AND DEVELOPMENT-COMPULSORY PURCHASE AND COMPENSATION | ||
| 942 | _n0 | ||
| 948 | _c24/03/1999 | ||
| 999 |
_c58543 _d58543 |
||